Регионална библиотека "Любен Каравелов" - Русе

Унищожителят на меча (Запис номер 491936)

MARC детайли
000 -Лидер
Контролно поле с фиксирана дължина 01242nam a2200289 a 4500
003 - Код на организацията, давaща контролен номер
Контролно поле BLK
005 - Дата и час на последна редакция
Контролно поле 20250702134641.0
008 - Елементи от данни с фиксирана дължина
fixed length control field 180411b bul|||||r ||||||| ||bul||
020 ## - Международен стандартен номер на книга ISBN
Международен стандартен номер на книга ISBN 9789542843030
Поясняваща информация 978-954-28-4303-0
040 ## - Източник на каталожния запис
Идентификатор на билиотеката - собственик на записа BLK
041 ## - Код за език
Код за езика на текст/звукозапис или на отделно заглавие Български
Код за езика КДБФ Български
080 ## - УДК
Текстов определител УДК Американска литература (на САЩ)
УДК код - определител по УДК 821.111(73)
УДК определител -312.9
УДК - код + определител 821.111(73)-312.9
100 1# - Редна дума - Автор
Автор Айвярд, Виктория
Авторска отговорност първи автор
R(LIN) 29736
139 ## - Редно поле
Редна дума Айвярд, Виктория
Авторски знак Аи - А 37
245 10 - Сведения за заглавието
Заглавие Унищожителят на меча
Редно поле (дума) Виктория Айвярд; прев. от англ. Деница Райкова.
257 ## - Страна на издаване
Страна на създаване/издаване Съединени американски щати
260 ## - Област на издателските данни
Място на издаване, разпространение и проч. София
Име на издателя, разпространителя и проч. Сиела Норма
Година на издаване 2023
Печатница София : Алианс Принт
300 ## - Физическа характеристика
Страници 632 с.
Размери/Мащаб 20 см
380 ## - Жанр
Жанр Худож. лит.
490 ## - СЕРИИ (Колекции)
9 (RLIN) 487957
Име на серия Рушител на селения
№: серия Кн. 2
500 ## - Общи забележки
Забележка Ориг. загл.: Blade Breaker / Victoria Aveyard
700 ## - Други автори (авторска отговорност)
Лично име Райкова, Деница Иванова
Дати, свързани с автора 1977 -
Друга информация преводач от англ. език, автор на кратка проза
Автороска отговорност (Описва отношението между автора и произведението) прев. от англ.
9 (RLIN) 262557
856 4# - Електронен адрес и достъп
Електронен формат pdf - файл
856 4# - Електронен адрес и достъп
Електронен формат pdf - файл
942 ## - АРТИКУЛИ
Вид на библиотечния материал Книги
Скрит в OPAC Не
Koha issues (borrowed), all copies 50
Периодичен библиозапис Да
999 ## - СИСТЕМНИ КОНТРОЛНИ НОМЕРА
Koha biblionumber 491936
Koha biblioitemnumber 491936
944 ## - СЪЗДАВАНЕ И РЕДАКЦИЯ на ЗАПИСА
Служител, извършил регистрацията/редакцията 30530
Статус, дата на статуса Минев Младен
Наличности
Код за отписване Код за изгубен артикул Източник на класификационната схема Код за повреда Код за отдаване Артикулен № Име на библиотеката - собственик Име на библиотеката, в която се намира в момента Статус (Текущо местоположение) Дата на вписване в системата Местоположение - отдел Цена в лева Инвентарен номер Систематично азбучна сигнатура Баркод Цена в евро Служебен тип на артикула
  Не е изгубен Universal Decimal Classification Не е повреден заемане за дома 929168 Регионална библиотека "Любен Каравелов" Русе Регионална библиотека "Любен Каравелов" Русе Заемна - подръчен фонд 2023-06-27 Заемна - подръчен фонд 13.93 120000888363 821-31/А 37 В 120000888363 7.12 Книги
  Не е изгубен Universal Decimal Classification Не е повреден заемане за дома 929169 Регионална библиотека "Любен Каравелов" Русе Регионална библиотека "Любен Каравелов" Русе Заемна - подръчен фонд 2023-06-27 Заемна - подръчен фонд 13.93 120000888364 821-31/А 37 В 120000888364 7.12 Книги
Vip Innovations Ltd, Rousse, Bulgaria 2025